| 000 | 01805cam a22002414a 4500 | ||
|---|---|---|---|
| 005 | 20250605164110.0 | ||
| 008 | 250528s ||||||||||||||||||||||||d | ||
| 035 | _a17870 | ||
| 020 | _a9789963274376 | ||
| 040 |
_aGR-AtMCL _bgre _dGR-AtMCL _eAACR2 |
||
| 245 | 1 | _aΕισαγωγή στη Χρηματοοικονομική Λογιστική | |
| 260 |
_bBroken Hill Publishers, _c2017 |
||
| 300 | _a776 | ||
| 520 | _aΧρήσεις της Λογιστικής Πληροφόρησης και οι Οικονομικές Καταστάσεις, Ανάλυση Επιχειρηματικών Συναλλαγών, Επιμέτρηση του Επιχειρηματικού Αποτελέσματος, Χρηματοοικονομική Πληροφόρηση και Ανάλυση, Λειτουργικός Κύκλος και Εμπορικές Δραστηριότητες, Αποθέματα, Ταμειακά Διαθέσιμα και Απαιτήσεις, Βραχυπρόθεσμες Υποχρεώσεις και Λογιστική Εύλογης Αξίας, Μακροπρόθεσμα Περιουσιακά Στοιχεία, Μακροπρόθεσμες Υποχρεώσεις, Ίδια Κεφάλαια, Η Κατάσταση Ταμειακών Ροών,Επιμέτρηση Χρηματοοικονομικής Απόδοσης, Επενδύσεις, Λογιστική για Άλλες Μορφές Επιχειρήσεων, Πίνακες Παρούσας Αξίας, Ευρετήριο. | ||
| 700 | 1 |
_aBelverd Needles E. _94158 |
|
| 700 | 1 |
_aMarian Powers _94159 |
|
| 700 | 1 |
_aΚαλαντώνης Πέτρος _94160 |
|
| 700 | 1 |
_aΜανδήλας Αθανάσιος Α _94161 |
|
| 700 | 1 |
_aΧύτης Ευάγγελος _94162 |
|
| 942 | _cBK | ||
| 999 |
_c3269 _d3269 |
||